Các văn bản pháp quy = Legal documents Số 38

Trong số này quy định về phê duyệt biên chế công chức hưởng lương từ Ngân sách Nhà nước của các cơ quan hành chính Nhà nước và biên chế của các Hội có tính chất đặc thù hoạt động trong phạm vi cả nước năm 2019; hướng dẫn chế độ ke...

詳細記述

保存先:
書誌詳細
フォーマット: 図書
言語:Vietnamese
出版事項: H. Bộ công thương. Trung tâm Thông tin Công nghiệp và thương mại 2018
主題:
タグ: タグ追加
タグなし, このレコードへの初めてのタグを付けませんか!
Thư viện lưu trữ: Thư viện Trường Đại học Nam Cần Thơ
LEADER 01659nam a22001817a 4500
001 NCT_98797
008 220309b xxu||||| |||| 00| 0 vie d
999 |c 4934  |d 4934 
082 0 4 |2 23rd ed.  |a 346  |b C101V 
245 0 0 |a Các văn bản pháp quy =   |b Legal documents  |n Số 38  |c Bộ công thương. Trung tâm Thông tin Công nghiệp và thương mại 
260 |a H.  |b Bộ công thương. Trung tâm Thông tin Công nghiệp và thương mại  |c 2018 
300 |c 29cm 
362 |a 09/2018 
520 3 |a Trong số này quy định về phê duyệt biên chế công chức hưởng lương từ Ngân sách Nhà nước của các cơ quan hành chính Nhà nước và biên chế của các Hội có tính chất đặc thù hoạt động trong phạm vi cả nước năm 2019; hướng dẫn chế độ kế toán đối với các khoản vay, trả nợ của Chính phủ, chính quyền địa phương; công bố thủ tục hành chính mới ban hành lĩnh vực Hải quan thuộc phạm vi chức năng quản lý Nhà nước của Bộ Tài chính; công bố thủ tục hành chính được sửa đổi, bị bãi bỏ lĩnh vực giao thông vận tải thuộc phạm vi chức năng quản lý của Bộ Giao thông Vận tải. 
655 |a Tạp chí 
942 |2 ddc  |c CR 
952 |0 0  |1 0  |2 ddc  |4 0  |6 346_000000000000000_C101V  |7 0  |9 22357  |a 000001  |b 000001  |d 2022-03-11  |o 346 C101V  |r 2022-03-11  |w 2022-03-11  |y CR 
980 |a Thư viện Trường Đại học Nam Cần Thơ